| 000 | 00718nam a22001817a 4500 | ||
|---|---|---|---|
| 003 | UA-OsUOA | ||
| 001 | 15406 | ||
| 007 | ta | ||
| 008 | 20031110b un ||||| |||| 00| 0 ukr d | ||
| 100 | _aХаритонюк О. | ||
| 942 | _cSA | ||
| 040 |
_aUA-OsUOA _cUA-OsUOA _dUA-OsUOA |
||
| 245 | _aТрагедія української інтелігенції : [Про масове знищення укр. інтелігенції у 1943 р. , що перебували на той час у в'язницях Рівного , Дубна, Острога та ін. міст обл.] | ||
| 300 | _aС.7 | ||
| 955 | _a0 | ||
| 773 | 0 |
_w0 _tВОЛИНЬ _dРівне _d2003 _g№27/4 лип./ |
|
| 650 | 7 |
_aІсторія _2UDC |
|
| 999 |
_c301571 _d301571 |
||